00000000cam 2200000zi 4500
0019.960796
003CaOODSP
00520260515105609
006m     o  d f      
007cr cn ||||||||
008260310e202604  onca    ob   f000 0 eng d
020 |a9780660988955
040 |aCaOODSP|beng|erda|cCaOODSP
043 |an-cn---
0861 |aFs70-5/2026-027E-PDF
1001 |aAli, Kassim, |eauthor.
24510|aIndirect human health risk assessment of the GloFish® Cosmic Blue® (BS2017), GloFish® Electric Green® (GS2017), GloFish® Sunburst Orange® (OS2016), and the GloFish® Galactic Purple® (PS2016) Sharks (Epalzeorhynchos frenatum), for use as ornamental aquarium fish in Canada / |cKassim Ali and Stephen Dugan.
264 1|aOttawa ON : |bCanadian Science Advisory Secretariat, |cApril 2026.
264 4|c©2026
300 |a1 online resource (i, 23 pages) : |bfigure.
336 |atext|btxt|2rdacontent
337 |acomputer|bc|2rdamedia
338 |aonline resource|bcr|2rdacarrier
4901 |aResearch document, |x1919-5044 ; |v2026/027
500 |aIssued also in French under title: Évaluation des risques indirects pour la santé humaine des labéos frenatus (Epalzeorhynchos frenatum) GloFishMD Cosmic BlueMD (BS2017), GloFishMD Electric GreenMD (GS2017), GloFishMD Sunburst OrangeMD (OS2016) et GloFishMD Galactic PurpleMD (PS2016) pour leur utilisation comme poissons d’ornement au Canada.
504 |aIncludes bibliographical references (pages 18-23).
650 0|aTransgenic fish|xHealth aspects|zCanada.
650 0|aTransgenic fish|xRisk assessment|zCanada.
7101 |aCanada. |bDepartment of Fisheries and Oceans. |bNational Capital Region, |eissuing body.
7102 |aCanadian Science Advisory Secretariat, |eissuing body.
77508|tÉvaluation des risques indirects pour la santé humaine des labéos frenatus (Epalzeorhynchos frenatum) GloFishMD Cosmic BlueMD (BS2017), GloFishMD Electric GreenMD (GS2017), GloFishMD Sunburst OrangeMD (OS2016) et GloFishMD Galactic PurpleMD (PS2016) pour leur utilisation comme poissons d’ornement au Canada.|w(CaOODSP)9.960797
830#0|aResearch document (Canadian Science Advisory Secretariat)|v2026/027.|w(CaOODSP)9.507396
85640|qPDF|s533 KB|uhttps://publications.gc.ca/collections/collection_2026/mpo-dfo/fs70-5/Fs70-5-2026-027-eng.pdf